000 00462pab a2200157 454500
008 180718b2005 xxu||||| |||| 00| 0 eng d
100 _aSreejith K.
245 _aNaxalite movement and cultural resistance: experience of Janakiya Samskarika Vedi in Kerala (1980-82)
260 _c2005
300 _ap.5333-337.
362 _a10 Dec
650 _aTerrorism - India - Kerala
650 _aTerrorism
773 _aEconomic and Political Weekly
909 _a68253
999 _c68253
_d68253